Janobi punjab sindh balochistan / (Record no. 526806)

000 -LEADER
fixed length control field 00461nam a22001697a 4500
003 - CONTROL NUMBER IDENTIFIER
control field NUST
038 ## - RECORD CONTENT LICENSOR
Staff Name waseem
082 ## - DEWEY DECIMAL CLASSIFICATION NUMBER
Classification number 913.54
Author Mark ZAM
100 ## - MAIN ENTRY--PERSONAL NAME
Personal name Zaman, M
9 (RLIN) 17803
245 ## - TITLE STATEMENT
Title Janobi punjab sindh balochistan /
Statement of responsibility, etc. M. Zaman
260 ## - PUBLICATION, DISTRIBUTION, ETC.
Place of publication, distribution, etc. Gujrat :
Name of publisher, distributor, etc. Yasir Acadmi,
Date of publication, distribution, etc. 1999.
300 ## - PHYSICAL DESCRIPTION
Extent 608 p. ;
500 ## - GENERAL NOTE
General note Papercover.
880 ## - ALTERNATE GRAPHIC REPRESENTATION
Linkage 100-01\r
Title ایم زمان
880 ## - ALTERNATE GRAPHIC REPRESENTATION
Linkage 245-02\r
Title جنُوبی پنجاب سندھ بلوچستان /
942 ## - ADDED ENTRY ELEMENTS (KOHA)
Source of classification or shelving scheme
Koha item type Book
Holdings
Withdrawn status Lost status Source of classification or shelving scheme Damaged status Not for loan Permanent Location Current Location Date acquired Total Checkouts Full call number Barcode Date last seen Price effective from Koha item type
          Central Library (CL) Central Library (CL) 07/16/2019   913.54 ZAM CL-E-605 07/16/2019 07/16/2019 Book
© 2023 Central Library, National University of Sciences and Technology. All Rights Reserved.